000 00842nam a2200253Ia 4500
003 OSt
005 20220923212341.0
006 a|||||r|||| 00| 0
007 ta
008 220922b |||||||| |||| 00| 0 hin d
024 _a152,318
037 _cTextual
040 _aARTS
_cARTS
_bhin
041 _2hin
_ahin
082 _aO113vM4, 152L3
100 _aजैन, नेमिचन्द्र
245 0 _aजर्मन साहित्य की परम्परा
246 _aJarhin sāhitya kī paramparā
260 _aदिल्ली
_b राजकमल प्रकाशन
_c1973
300 _a263 पृ.
_ccm.
650 _aहिन्दी साहित्य
_9156264
942 _hO113vM4, 152L3
_cTEXL
_2CC
999 _c307967
_d307967